| 000 | 00563nam a2200169Ia 4500 | ||
|---|---|---|---|
| 003 | GCL | ||
| 008 | 140319s9999 xx 000 0 eng d | ||
| 020 | _a0812923863 | ||
| 040 |
_aGCL / _cGCL |
||
| 082 | 0 | 4 |
_a923.173 _bW P |
| 245 | 1 | 0 |
_aTHE PRESIDENT'S HEALTH SECURITY PLAN : _bTHE COMPLETE DRAFT AND FINAL REPORTS OF THE WHITE HOUSE DOMESTIC POLICY COUNCIL |
| 260 |
_aنيويورك : _bTIMES BOOKS ، _c1993 |
||
| 300 |
_a22 CM ؛ _c284 P |
||
| 650 | 0 | 4 | _aPRESIDENT - UNITED STATES - BIOGRAPHY |
| 650 | 0 | 4 | _aPRESIDENTS - UNITED STATES - HEALTH |
| 942 |
_2ddc _cBK |
||
| 999 |
_c8361 _d8361 |
||